Five Closest Countries by Sea (relessness version) - Statistics

General Stats
  • This quiz has been taken 11,370 times
    11,360 since last reset
  • The average score is 28 of 33
Answer Stats
Distance Country % Correct
Labrador (1321), Irish (0) Ireland
99%
Labrador (1307), Irish (0) United Kingdom
99%
Irish (213), Tyrrhenian (0), Balearic (39) France
97%
Balearic (0) Spain
96%
Timor (0), Sibuyan (597) Indonesia
94%
Tyrrhenian (0), Balearic (147) Italy
93%
Timor (0) East Timor
91%
Labrador (0) Canada
90%
Dead (0) Israel
90%
Irish (294) Netherlands
90%
Labrador (534) United States
90%
Irish (275) Belgium
89%
Labrador (739) Iceland
89%
Kara (0) Russia
89%
Dead (0) Jordan
88%
Sibuyan (467) Malaysia
88%
Timor (0) Australia
85%
Dead (68) Egypt
85%
Kara (571) Norway
85%
Kara (637) Finland
84%
Kara (790) Sweden
84%
Timor (665) Papua New Guinea
83%
Dead (60) Syria
83%
Dead (84) Saudi Arabia
82%
Timor (974), Sibuyan (0) Philippines
80%
Balearic (147) Algeria
76%
Tyrrhenian (71) Tunisia
75%
Sibuyan (674) Brunei
73%
Tyrrhenian (13) Vatican City
69%
Tyrrhenian (104) San Marino
68%
Balearic (76) Andorra
66%
Sibuyan (556) Taiwan
61%
Kara (752) Kazakhstan
42%
No matching quizzes found
Score Distribution
Percent of People with Each Score
Percentile by Number Answered
Your Score History
You have not taken this quiz since the last reset